000 00691nam a2200241Ia 4500
005 20260121112054.0
008 3079 260114s9999 xx 000 0 eng d
020 _a9789811227646
037 _aEBOOK
040 _aCRL
_beng
_cCRL
041 _aeng
_2eng
084 _qCRL
100 _aSingh Bilveer Et Al
_9951781
245 0 _aUnmasking Singapore'S 2020 General Elections: Covid-19 and the Evolving Political Landscape
260 _bWorld Scientific
260 _bWSPC
260 _c2020
650 _aAsian Studies
_9951782
856 _uhttps://www.worldscientific.com/worldscibooks/10.1142/12025#t=toc
942 _cEBOOK
999 _c1540379
_d1540379